000 00619cab a2200229 4500
001 X93825
008 090401t1999 xxu||||| |||| 00| 0 eng d
035 _a(Sirsi) u93825
041 _aeng
100 _aHirst, P.
245 _aFall in breaches of members` accounts regulations
260 _c1999
350 _a0
490 _aCSM (Chartered Surveyor Monthly)
_v8(9) May 1999, 47-8(2)
650 _aCLIENTS MONEY PROTECTION SCHEME
650 _aCOMPLIANCE
650 _aRICS
650 _aSTATISTICS
690 _aMANAGEMENT-BUSINESS MANAGEMENT-PROFESSIONAL PRACTICE
942 _n0
948 _c08/06/1999
999 _c59462
_d59462